Cynic - Noah Kahan (All Lyrics) - Statistics

General Stats
  • This quiz has been taken 45 times
    43 since last reset
  • The average score is 370 of 447
Answer Stats
Lyrics % Correct
a
100%
get
100%
give
100%
Give
100%
head
100%
I
100%
I'd
100%
me
100%
my
100%
no
100%
rest
100%
So
100%
some
100%
the
100%
The
100%
there's
100%
There's
100%
to
100%
who
100%
are,
93%
But
93%
but
93%
cynic
93%
cynic,
93%
face
93%
find
93%
Hollywood
93%
in
93%
is
93%
it
93%
name
93%
Oh,
93%
Oh
93%
oh
93%
place
93%
space
93%
this
93%
way
93%
we
93%
and
87%
anymore
87%
break
87%
catch
87%
change
87%
depressed
87%
don't
87%
down
87%
eye
87%
if
87%
I'm
87%
lose
87%
much
87%
press
87%
put
87%
scared
87%
sign
87%
that
87%
They
87%
they
87%
want,
87%
what
87%
when
87%
at
80%
cried
80%
effort
80%
glamor
80%
hard,
80%
Leave
80%
living
80%
make
80%
might
80%
old
80%
one
80%
them
80%
think
80%
too
80%
with
80%
Would
80%
would
80%
back
73%
before
73%
days
73%
failure
73%
famous
73%
feel
73%
getting
73%
had
73%
into
73%
knew
73%
LAX
73%
life
73%
miss
73%
of
73%
ooh
73%
Ooh
73%
open
73%
pass
73%
plane
73%
success
73%
than
73%
those
73%
time
73%
turn
73%
was
73%
weaknesses
73%
anything
67%
better
67%
board
67%
comes
67%
fear
67%
growing
67%
know
67%
last
67%
light
67%
losing
67%
mind
67%
pains
67%
rain,
67%
see
67%
sleep
67%
strengths
67%
thoughts
67%
why
67%
darling,
60%
missing
60%
sense
60%
something
60%
blame
53%
'Cause
47%
ah
33%
'em
33%
taste
33%
No matching quizzes found
Score Distribution
Percent of People with Each Score
Percentile by Number Answered
Your Score History
You have not taken this quiz since the last reset